| Tag |
First Indicator |
Second Indicator |
Subfields |
| LEADER |
00000cam a22000004a 4500 |
| 001 |
in00001531413 |
| 005 |
20151022050546.0 |
| 008 |
000404s1999 hiuab b s001 0 eng |
| 010 |
|
|
|a 99034972
|
| 020 |
|
|
|a 0824821556 (alk. paper)
|
| 035 |
|
|
|a (OCoLC)41482361
|
| 040 |
|
|
|a DLC
|c DLC
|d C#P
|d TXA
|d UtOrBLW
|
| 042 |
|
|
|a pcc
|
| 049 |
|
|
|a TXAM
|
| 050 |
0 |
0 |
|a BQ640
|b .B83 1999
|
| 082 |
0 |
0 |
|a 294.3/0951/09021
|2 21
|
| 245 |
0 |
0 |
|a Buddhism in the Sung /
|c edited by Peter N. Gregory and Daniel A. Getz, Jr.
|
| 264 |
|
1 |
|a Honolulu :
|b University of Hawaiʻi Press,
|c [1999]
|
| 264 |
|
4 |
|c ©1999
|
| 300 |
|
|
|a ix, 646 pages :
|b illustrations, map ;
|c 24 cm.
|
| 336 |
|
|
|a text
|b txt
|2 rdacontent
|
| 337 |
|
|
|a unmediated
|b n
|2 rdamedia
|
| 338 |
|
|
|a volume
|b nc
|2 rdacarrier
|
| 490 |
1 |
|
|a Studies in East Asian Buddhism ;
|v 13
|
| 500 |
|
|
|a "A Kuroda Institute book."
|
| 504 |
|
|
|a Includes bibliographical references and index.
|
| 650 |
|
0 |
|a Buddhism
|z China
|x History
|y 960-1644.
|
| 700 |
1 |
|
|a Gregory, Peter N.,
|d 1945-
|
| 700 |
1 |
|
|a Getz, Daniel Aaron.
|
| 830 |
|
0 |
|a Studies in East Asian Buddhism ;
|v no. 13.
|
| 948 |
|
|
|a cataloged
|b h
|c 2000/4/4
|d c
|e pkellar
|f 8:13:37 am
|
| 994 |
|
|
|a E0
|b TXA
|
| 999 |
|
|
|a MARS
|
| 999 |
f |
f |
|s 14c97b69-b557-3e79-964b-9b7b026220b0
|i 15d242a9-9f22-3e29-baae-4550c289fcd0
|t 0
|
| 952 |
f |
f |
|p ric
|a Texas A&M University
|b Rellis Campus
|c Joint Library Facility
|d Remote Storage
|t 0
|e BQ640 .B83 1999
|h Library of Congress classification
|i unmediated -- volume
|m A14825852233
|
| 998 |
f |
f |
|a BQ640 .B83 1999
|t 0
|l Remote Storage
|